00816nam a2200205 a 450000100100000000500170001000800410002704000250006810000400009324500790013326000410021230000110025349000170026459000760028170000250035783000240038204900090040695201780041599900170059300003581620200930074633.0111114s1953 es 000 0 spa d aDO-SdBNPbspacBNPHU1 aFilloux, Jean Claude,d1921-96177313aEl inconsciente /cJean C- Filloux ; versión española de J. E. Cirlot. aBarcelona :bSalvat Editores,c1953. a148 p.1 aSurcov85aB aPerteneció a la biblioteca personal de Juan Isidro Jimenes Grullón.1 aCirlot, J. E.961774 0aSurcov85pB961775 aBNPD 001050718MOaGRbGRcCTd2011-11-14iLF1l0o p35816-10r2020-06-25w2020-06-25y1zPerteneció a la biblioteca personal de Juan Isidro Jimenes Grullón.ZNo se presta c35307d35307